'C' Fictional Character Blitz Quiz Stats

 Plays Quiz not verified by Sporcle

Support Sporcle.
Go Orange.
Score 0/12 Timer 01:00
1 Play Today
% Correct
Clark Kent
96.9%
Christopher Robin
95.9%
Cedric Diggory
93.3%
Charlie Bucket
92.3%
Cersei Lannister
91%
Carrie White
90.4%
Clarice Starling
88.3%
Coraline Jones
88.2%
Cthulhu
80.4%
Catherine Earnshaw
71.3%
Charlotte A. Cavatica
70.2%
Cathy Ames
64.4%

You're not logged in!

Compare scores with friends on all Sporcle quizzes.
OR
Log In

From the Vault

Remove Ads.
Support Sporcle.
Get the best of Sporcle when you Go Orange. This ad-free experience offers more features, more stats, and more fun while also helping to support Sporcle. Thank you for becoming a member.

Show Comments

Extras

Top Quizzes Today


Score Distribution

Your Account Isn't Verified!

In order to create a playlist on Sporcle, you need to verify the email address you used during registration. Go to your Sporcle Settings to finish the process.

Report this User

Report this user for behavior that violates our Community Guidelines.

Details: